แสดงรายละเอียดบรรณานุกรม
  กลับหน้าหลัก

Brief Record : Get Marc (ISO 2709) : E-mail record : QR code ปิดหน้าต่าง
E-books : เกี่ยวกับ Collections
LEADER 00000nam 2200000uu 4500
001    214418
003     ULIBM
008    250819s||||||||th 000 0 tha d
020 ^   ^a978-616-612-879-6
040 ^  ^a ^bcnkk
041    ^atha
060 ^   ^aWA590^bอ662 2567
100 ^   ^aอารียา จิรธนานุวัฒน์.
245 1   ^aสุขภาพคนเมืองและการส่งเสริมสุขภาพ =^bUrban health and health promotion /^cอารียา จิรธนานุวัฒน์.
246 3   ^aUrban health and health promotion
250 ^   ^aพิมพ์ครั้งที่ 1.
260 ^   ^aกรุงเทพฯ :^bภาควิชาเทคโนโลยีสุขภาพ คณะวิทยาศาสตร์และเทคโนโลยีสุขภาพ มหาวิทยาลัยนวมินทราธิราช, ^c2567.
300 ^   ^a192 หน้า :^bภาพประกอบ
505 ^   ^aบทที่ 1. ^tสุขภาพกับเป้าหมายการพัฒนาอย่างยั่งยืน -- บทที่ 2. ^tการส่งเสริมสุขภาพ -- บทที่ 3. ^tทฤษฎีทางพฤติกรรมสุขภาพ -- บทที่ 4. ^tสุขภาพคนเมือง -- บทที่ 5. ^tกลวิธีส่งเสริมสุขภาพ.
650 ^   ^aพฤติกรรมสุขภาพ.
650 ^   ^aการส่งเสริมสุขภาพ.
650 ^   ^aสุขภาพเมือง^xสุขภาพและอนามัย.
655 ^   ^aHealth Sciences Branch.
710 2   ^aมหาวิทยาลัยนวมินทราธิราช.^bคณะวิทยาศาสตร์และเทคโนโลยีสุขภาพ.
710 2   ^aมหาวิทยาลัยนวมินทราธิราช.^bภาควิชาเทคโนโลยีสุขภาพ.
856    ^zสุขภาพคนเมืองและการส่งเสริมสุขภาพ.pdf (สารบัญหนังสือ)^uhttp://43.133.101.113/ULIB62015//_fulltext/5/214418/20250905162033_500.pdf
999    ^aใช้งานได้ทุกระบบ
รายการนี้ยังไม่มีแท็ก
คุณยังไม่ได้ล็อกอิน คุณสามารถมีกิจกรรมร่วมกับเว็บไซต์ได้ แต่ต้องล็อกอินก่อน ::
  ล็อกอิน
ลำดับที่ ประเภท เลขเรียก สถานที่ สถานะ
1. การพยาบาล (ตำราหลัก)
การพยาบาล (ตำราหลัก)
WA590 อ662 2567 ฉ.1 
  
การพยาบาลชุมชน On Shelf
  ขอยืม
Note:จัดซื้อปีงบ 2568
2. การพยาบาล (ตำราหลัก)
การพยาบาล (ตำราหลัก)
WA590 อ662 2567 ฉ.2 
  
การพยาบาลชุมชน ถูกยืม กำหนดส่งวันที่ 8 มิถุนายน 2569
  จอง
Note:จัดซื้อปีงบ 2568
   [แสดง 2/2 รายการ]

รายการใกล้เคียง
    หัวเรื่อง [พฤติกรรมสุขภาพ.]
    หัวเรื่อง [การส่งเสริมสุขภาพ.]

BibComment


ยังไม่เคยถูกคอมเมนท์

คอมเมนท์ทรัพยากรรายการนี้
  คอมเมนท์: สุขภาพคนเมืองแล..
Bib 214418

 
 
 

 Union Library Management : ULibM
Copyright 2026. All Rights Reserved.
скачать бесплатно без регистрации порно красивый секс HD Sex Hindi sex

xxx gou

xxxx

bfxxx

xxxwww

Секса Видео

xxxx

Секса Видео

detube

geilexxx

C99 Shell

worms shell

blod xxx video
Ebony Coed Rihanna Rimes Takes A Dick In Her Young Twat priyaa indian fuck anal and pusssy hardcore indian women xxx desi hardcore fucking part 1 bengalixxxcouple